| 000 | 00590cam a22002053a 4500 | ||
|---|---|---|---|
| 001 | 44356 | ||
| 003 | PGUSA | ||
| 005 | 20140828084019.0 | ||
| 008 | 131205s2013||||xxu|||||s|||||000 | eng d | ||
| 040 |
_aPGUSA _beng |
||
| 042 | _adc | ||
| 100 | 1 | _aGaffarel, Paul | |
| 245 | 1 | 0 |
_aBonaparte et les Républiques Italiennes (1796-1799) _h[electronic resource] / _cPaul Gaffarel |
| 260 |
_bProject Gutenberg, _c2013 |
||
| 506 | _aPublic domain in the USA. | ||
| 516 | _aElectronic text | ||
| 830 | 0 |
_aProject Gutenberg _v44356 |
|
| 856 | 4 | 0 | _uhttp://www.gutenberg.org/ebooks/44356 |
| 942 | _cEB | ||
| 999 |
_c273607 _d273607 |
||